[Event "Chinese Chess League Men 2019"]
[Site "Daqing"]
[Date "2019.06.23"]
[Round "5.12"]
[White "Hou, Yifan b"]
[Black "Lin, Peisen"]
[Result "1/2-1/2"]
[WhiteElo "1932"]
[BlackElo "1988"]
[Annotator "NA"]
[PlyCount "61"]
[EventDate "2019.06.19"]
[EventType "team-tourn"]
[EventCountry "CHN"]
[SourceTitle "playchess.com"]
[Source "ChessBase"]
[SourceQuality "1"]
[TimeControl "5400+30"]

1. d4 {[%emt 0:00:00]} Nf6 {[%emt 0:00:00]} 2. Nf3 {[%emt 0:00:00]} g6 {[%emt 0:00:00]} 3. c4 {[%emt 0:00:06]} Bg7 {[%emt 0:00:00]} 4. g3 {[%emt 0:00:48]} d5 {[%emt 0:00:00]} 5. Bg2 {[%emt 0:00:14]} dxc4 {[%emt 0:00:02]} 6. Qa4+ {[%emt 0:01:25]} Nfd7 {[%emt 0:00:43]} 7. Qxc4 {[%emt 0:02:08]} Nb6 {[%emt 0:00:48]} 8. Qc2 {[%emt 0:01:47]} Nc6 {[%emt 0:00:48]} 9. O-O {[%emt 0:07:16]} O-O {[%emt 0:13:28]} 10. e3 {[%emt 0:00:00]} Bf5 {[%emt 0:01:01]} 11. e4 Bg4 {[%emt 0:02:08]} 12. d5 {[%emt 0:00:20]} Bxf3 {[%emt 0:00:30]} 13. Bxf3 {[%emt 0:00:30]} Nd4 {[%emt 0:01:01]} 14. Qd3 {[%emt 0:00:42]} Nxf3+ {[%emt 0:03:02]} 15. Qxf3 {[%emt 0:00:06]} f5 {[%emt 0:06:14]} 16. Nc3 {[%emt 0:04:21]} fxe4 {[%emt 0:19:56]} 17. Qxe4 {[%emt 0:00:18]} Bxc3 {[%emt 0:00:56]} 18. bxc3 {[%emt 0:00:01]} Qxd5 {[%emt 0:00:14]} 19. Qxe7 {[%emt 0:01:33]} Rae8 {[%emt 0:01:00]} 20. Qg5 {[%emt 0:04:24]} Rf5 {[%emt 0:07:23]} 21. Qg4 {[%emt 0:07:26]} Qf3 {[%emt 0:06:53]} 22. Qb4 {[%emt 0:09:44]} c5 {[%emt 0:14:14]} 23. Qb3+ {[%emt 0:04:29]} c4 {[%emt 0:00:54]} 24. Qb4 {[%emt 0:00:32]} h5 {[%emt 0:06:09]} 25. Qd6 {[%emt 0:02:26]} Rf6 {[%emt 0:01:14]} 26. Qd4 {[%emt 0:01:20]} Re4 {[%emt 0:01:26]} 27. Qd8+ {[%emt 0:00:07]} Rf8 {[%emt 0:01:05]} 28. Qd6 {[%emt 0:03:57]} Rf6 {[%emt 0:04:21]} 29. Qd8+ {[%emt 0:04:10]} Rf8 {[%emt 0:01:55]} 30. Qd6 {[%emt 0:00:15]} Rg4 {[%emt 0:01:55]} 31. h3 1/2-1/2

[Event "Chinese Chess League Men 2019"]
[Site "Daqing"]
[Date "2019.06.24"]
[Round "6.1"]
[White "Ma, Qun"]
[Black "Dai, Changren"]
[Result "1/2-1/2"]
[WhiteElo "2626"]
[BlackElo "2480"]
[Annotator "RC"]
[PlyCount "92"]
[EventDate "2019.06.19"]
[EventType "team-tourn"]
[EventCountry "CHN"]
[SourceTitle "playchess.com"]
[Source "ChessBase"]
[SourceQuality "1"]
[TimeControl "5400+30"]

1. d4 {[%emt 0:00:00]} d5 {[%emt 0:00:00]} 2. c4 {[%emt 0:00:03]} e6 {[%emt 0:00:00]} 3. Nc3 {[%emt 0:00:10]} Be7 {[%emt 0:00:00]} 4. Nf3 {[%emt 0:00:31]} Nf6 {[%emt 0:00:00]} 5. Bf4 {[%emt 0:00:50]} O-O {[%emt 0:00:03]} 6. e3 {[%emt 0:00:12]} Nbd7 {[%emt 0:00:05]} 7. Be2 {[%emt 0:00:21]} dxc4 {[%emt 0:01:48]} 8. O-O {[%emt 0:00:30]} c5 {[%emt 0:00:21]} 9. dxc5 {[%emt 0:00:18]} Bxc5 {[%emt 0:02:04]} 10. Bxc4 {[%emt 0:05:11]} a6 {[%emt 0:04:11]} 11. a4 {[%emt 0:01:56]} b6 {[%emt 0:01:10]} 12. Qe2 {[%emt 0:00:28]} Bb7 {[%emt 0:04:16]} 13. Rad1 {[%emt 0:01:34]} Bb4 {[%emt 0:08:41]} 14. Ne5 {[%emt 0:18:46]} Bxc3 {[%emt 0:07:10]} 15. bxc3 {[%emt 0:03:43]} Qc8 {[%emt 0:04:46]} 16. Nxd7 {[%emt 0:03:48]} Nxd7 {[%emt 0:00:03]} 17. Rd6 {[%emt 0:00:44]} Nc5 {[%emt 0:01:04]} 18. Be5 {[%emt 0:03:05]} Kh8 {[%emt 0:16:46]} 19. Rfd1 {[%emt 0:10:05]} f6 {[%emt 0:04:05]} 20. Bd4 {[%emt 0:01:03]} e5 {[%emt 0:00:25]} 21. Bxc5 {[%emt 0:02:29]} Qxc5 {[%emt 0:00:13]} 22. Rd7 {[%emt 0:03:01]} Bc6 {[%emt 0:05:51]} 23. Qg4 {[%emt 0:05:28]} Bxd7 {[%emt 0:00:17]} 24. Rxd7 {[%emt 0:00:02]} Rg8 {[%emt 0:02:12]} 25. Bxg8 {[%emt 0:01:18]} Rxg8 {[%emt 0:00:03]} 26. Qb4 {[%emt 0:00:36]} h6 {[%emt 0:04:26]} 27. Qxc5 {[%emt 0:03:56]} bxc5 {[%emt 0:00:01]} 28. Kf1 {[%emt 0:00:58]} Rb8 {[%emt 0:00:47]} 29. Ra7 {[%emt 0:04:52]} Rb3 {[%emt 0:01:09]} 30. c4 {[%emt 0:02:05]} Rb4 {[%emt 0:00:25]} 31. Rxa6 {[%emt 0:00:05]} Rxc4 {[%emt 0:00:05]} 32. a5 {[%emt 0:00:05]} Rc2 {[%emt 0:02:58]} 33. Ra8+ {[%emt 0:02:04]} Kh7 {[%emt 0:00:02]} 34. a6 {[%emt 0:00:08]} Ra2 {[%emt 0:00:11]} 35. a7 {[%emt 0:00:48]} h5 {[%emt 0:00:19]} 36. h4 {[%emt 0:01:52]} c4 {[%emt 0:00:06]} 37. Ke1 {[%emt 0:00:03]} c3 {[%emt 0:00:06]} 38. Kd1 {[%emt 0:00:04]} e4 {[%emt 0:08:49]} 39. Kc1 {[%emt 0:02:39]} Kg6 {[%emt 0:00:21]} 40. Kb1 {[%emt 0:01:33]} Rb2+ {[%emt 0:00:10]} 41. Kc1 {[%emt 0:00:06]} Ra2 {[%emt 0:00:12]} 42. f3 {[%emt 0:01:57]} Kf5 {[%emt 0:01:04]} 43. Kb1 {[%emt 0:03:53]} Rb2+ {[%emt 0:00:01]} 44. Kc1 {[%emt 0:00:15]} Ra2 {[%emt 0:00:02]} 45. Kb1 {[%emt 0:02:06]} Rb2+ {[%emt 0:00:02]} 46. Kc1 {[%emt 0:00:07]} Ra2 {[%emt 0:00:04]} 1/2-1/2

[Event "Chinese Chess League Men 2019"]
[Site "Daqing"]
[Date "2019.06.24"]
[Round "6.2"]
[White "Li, Yankai"]
[Black "Xiang, Zeyu"]
[Result "1/2-1/2"]
[WhiteElo "2432"]
[BlackElo "2432"]
[Annotator "NA"]
[PlyCount "60"]
[EventDate "2019.06.19"]
[EventType "team-tourn"]
[EventCountry "CHN"]
[SourceTitle "playchess.com"]
[Source "ChessBase"]
[SourceQuality "1"]
[TimeControl "5400+30"]

1. d4 {[%emt 0:00:00]} d5 {[%emt 0:00:00]} 2. c4 {[%emt 0:00:00]} e6 {[%emt 0:00:00]} 3. Nf3 {[%emt 0:00:46]} Nf6 {[%emt 0:00:00]} 4. g3 {[%emt 0:00:04]} Bb4+ {[%emt 0:00:00]} 5. Nbd2 {[%emt 0:00:03]} dxc4 {[%emt 0:01:32]} 6. a3 {[%emt 0:04:19]} Bxd2+ {[%emt 0:08:32]} 7. Bxd2 {[%emt 0:00:05]} b5 {[%emt 0:04:04]} 8. a4 {[%emt 0:03:46]} Bb7 {[%emt 0:05:25]} 9. axb5 {[%emt 0:04:23]} O-O {[%emt 0:00:17]} 10. Bg2 {[%emt 0:06:34]} a6 {[%emt 0:01:58]} 11. bxa6 {[%emt 0:01:41]} Nxa6 {[%emt 0:00:12]} 12. O-O {[%emt 0:01:55]} c5 {[%emt 0:02:46]} 13. dxc5 {[%emt 0:03:22]} Nxc5 {[%emt 0:00:30]} 14. Bb4 {[%emt 0:21:10]} Qb6 {[%emt 0:01:09]} 15. Rxa8 {[%emt 0:02:44]} Rxa8 {[%emt 0:00:09]} 16. Ba3 {[%emt 0:00:07]} Nce4 {[%emt 0:05:46]} 17. Qc1 {[%emt 0:09:18]} Bd5 {[%emt 0:04:23]} 18. Ne1 {[%emt 0:06:40]} h6 {[%emt 0:19:27]} 19. Nc2 {[%emt 0:01:55]} c3 {[%emt 0:05:25]} 20. bxc3 {[%emt 0:04:31]} Nxc3 {[%emt 0:00:25]} 21. Qd2 {[%emt 0:00:59]} Nce4 {[%emt 0:02:56]} 22. Qd3 {[%emt 0:04:42]} Qb3 {[%emt 0:02:19]} 23. Be7 {[%emt 0:01:29]} Qxd3 {[%emt 0:02:21]} 24. exd3 {[%emt 0:00:05]} Nc3 {[%emt 0:01:31]} 25. Bxf6 {[%emt 0:00:22]} gxf6 {[%emt 0:00:21]} 26. Bxd5 {[%emt 0:00:44]} Nxd5 {[%emt 0:00:14]} 27. Rb1 {[%emt 0:00:49]} Kg7 {[%emt 0:01:54]} 28. Rb2 {[%emt 0:01:42]} Rd8 {[%emt 0:01:01]} 29. Kf1 {[%emt 0:00:48]} Nc3 {[%emt 0:00:30]} 30. Rb3 {[%emt 0:00:31]} Nd5 {[%emt 0:00:49]} 1/2-1/2

[Event "Chinese Chess League Men 2019"]
[Site "Daqing"]
[Date "2019.06.24"]
[Round "6.3"]
[White "Zou, Chen"]
[Black "Chu, Wei Chao"]
[Result "0-1"]
[WhiteElo "2415"]
[BlackElo "2374"]
[Annotator "NA RC"]
[PlyCount "125"]
[EventDate "2019.06.19"]
[EventType "team-tourn"]
[EventCountry "CHN"]
[SourceTitle "playchess.com"]
[Source "ChessBase"]
[SourceQuality "1"]
[TimeControl "5400+30"]

1. e4 {[%emt 0:00:00]} c6 {[%emt 0:00:00]} 2. c4 {[%emt 0:12:31]} d5 {[%emt 0:00:44]} 3. exd5 {[%emt 0:00:07]} cxd5 {[%emt 0:00:05]} 4. d4 {[%emt 0:00:26]} e6 {[%emt 0:00:12]} 5. Nf3 {[%emt 0:01:35]} Nf6 {[%emt 0:00:09]} 6. Nc3 {[%emt 0:00:33]} Nc6 {[%emt 0:00:42]} 7. cxd5 {[%emt 0:02:07]} Nxd5 {[%emt 0:02:37]} 8. Bd3 {[%emt 0:00:08]} Be7 {[%emt 0:01:04]} 9. O-O {[%emt 0:00:13]} O-O {[%emt 0:00:28]} 10. Bc2 {[%emt 0:08:43]} b6 {[%emt 0:06:26]} 11. Qd3 {[%emt 0:09:02]} g6 {[%emt 0:00:31]} 12. a3 {[%emt 0:01:42]} Bb7 {[%emt 0:09:52]} 13. Bh6 {[%emt 0:04:59]} Re8 {[%emt 0:01:00]} 14. Rfe1 {[%emt 0:01:35]} Rc8 {[%emt 0:05:12]} 15. Bd2 {[%emt 0:19:15]} Ncb4 {[%emt 0:08:19]} 16. Qe4 {[%emt 0:12:01]} Nxc3 {[%emt 0:07:23]} 17. Qxb7 {[%emt 0:00:02]} Nxc2 {[%emt 0:00:48]} 18. Bxc3 {[%emt 0:00:38]} Nxa1 {[%emt 0:00:42]} 19. Rxa1 {[%emt 0:00:02]} Qd5 {[%emt 0:02:16]} 20. Qa6 {[%emt 0:00:05]} b5 {[%emt 0:07:48]} 21. Ne5 {[%emt 0:01:08]} f6 {[%emt 0:05:06]} 22. Ng4 {[%emt 0:03:16]} Qc6 {[%emt 0:04:47]} 23. Qa5 {[%emt 0:00:35]} Qb6 {[%emt 0:05:36]} 24. Qxb6 {[%emt 0:01:15]} axb6 {[%emt 0:00:11]} 25. Ne3 {[%emt 0:00:11]} Kf7 {[%emt 0:00:52]} 26. Kf1 {[%emt 0:01:08]} Rc7 {[%emt 0:02:22]} 27. Ke2 {[%emt 0:01:40]} Ra8 {[%emt 0:00:16]} 28. Nc2 {[%emt 0:00:06]} Rc4 {[%emt 0:02:35]} 29. Rd1 {[%emt 0:00:47]} Rd8 {[%emt 0:00:35]} 30. Rd3 {[%emt 0:00:41]} Ra4 {[%emt 0:01:49]} 31. Re3 {[%emt 0:03:04]} Rd5 {[%emt 0:00:53]} 32. Kf3 {[%emt 0:03:06]} h5 {[%emt 0:01:37]} 33. g3 {[%emt 0:02:13]} g5 {[%emt 0:00:14]} 34. Ke2 {[%emt 0:00:30]} g4 {[%emt 0:00:35]} 35. Rd3 {[%emt 0:00:24]} Rd8 {[%emt 0:00:30]} 36. Re3 {[%emt 0:02:25]} Rd7 {[%emt 0:00:59]} 37. Ke1 {[%emt 0:01:29]} Ra8 {[%emt 0:00:28]} 38. Ke2 {[%emt 0:00:15]} Rad8 {[%emt 0:02:25]} 39. Ne1 {[%emt 0:00:51]} Rc8 {[%emt 0:01:07]} 40. Nd3 {[%emt 0:02:09]} Bxa3 {[%emt 0:06:31]} 41. bxa3 {[%emt 0:00:04]} Rxc3 {[%emt 0:00:06]} 42. Ne5+ {[%emt 0:00:01]} fxe5 {[%emt 0:00:09]} 43. Rxc3 {[%emt 0:00:03]} exd4 {[%emt 0:00:08]} 44. Rc6 {[%emt 0:00:12]} d3+ {[%emt 0:02:44]} 45. Kd2 {[%emt 0:00:18]} Kf6 {[%emt 0:00:07]} 46. Rxb6 {[%emt 0:05:56]} Rd5 {[%emt 0:00:01]} 47. Rb8 {[%emt 0:00:41]} Ke5 {[%emt 0:00:09]} 48. Rf8 {[%emt 0:01:10]} Kd4 {[%emt 0:01:57]} 49. Rf4+ {[%emt 0:00:49]} Kc5 {[%emt 0:00:28]} 50. Re4 {[%emt 0:01:40]} e5 {[%emt 0:00:50]} 51. Kc1 {[%emt 0:00:49]} d2+ {[%emt 0:07:25]} 52. Kd1 {[%emt 0:00:01]} Kd6 {[%emt 0:00:05]} 53. Re2 {[%emt 0:01:07]} Rd4 {[%emt 0:00:52]} 54. Rxd2 {[%emt 0:00:12]} Kd5 {[%emt 0:00:33]} 55. Ke2 {[%emt 0:00:56]} Rxd2+ {[%emt 0:00:46]} 56. Kxd2 {[%emt 0:00:02]} Kc4 {[%emt 0:02:12]} 57. Ke3 {[%emt 0:01:01]} e4 {[%emt 0:02:02]} 58. Kxe4 {[%emt 0:00:24]} Kb3 {[%emt 0:00:01]} 59. f4 {[%emt 0:00:35]} gxf3 {[%emt 0:00:02]} 60. Kxf3 {[%emt 0:00:29]} Kxa3 {[%emt 0:00:01]} 61. h4 {[%emt 0:00:31]} b4 {[%emt 0:00:05]} 62. g4 {[%emt 0:00:22]} hxg4+ {[%emt 0:00:01]} 63. Kxg4 {[%emt 0:00:11]} 0-1

[Event "Chinese Chess League Men 2019"]
[Site "Daqing"]
[Date "2019.06.24"]
[Round "6.4"]
[White "Zhao, Zhouqiao CHN"]
[Black "Lin, Yi"]
[Result "0-1"]
[WhiteElo "2215"]
[BlackElo "2396"]
[Annotator "TA"]
[PlyCount "104"]
[EventDate "2019.06.19"]
[EventType "team-tourn"]
[EventCountry "CHN"]
[SourceTitle "playchess.com"]
[Source "ChessBase"]
[SourceQuality "1"]

{[%evp 22,104,-10,-15,-14,-15,-13,-13,-8,-19,-10,-25,-25,-25,0,-9,-12,-8,0,0,0,-11,-13,-5,0,0,-1,-16,-28,-40,-43,-49,-19,-39,-33,-33,-33,-33,-33,-33,-33,-33,-33,-33,-33,-33,-33,-33,-33,-33,-33,-41,-41,-41,-41,-41,-41,-41,-41,-41,0,0,0,-597,-592,-588,-587,-580,-565,-564,-560,-500,-400,-1380,-1206,-12841,-12160,-12841,-10587,-29967,-29941,-29937,-7981,-29988,-29989]} 1. d4 Nf6 2. Nf3 g6 3. c4 Bg7 4. Nc3 d5 5. Bg5 Ne4 6. cxd5 Nxg5 7. Nxg5 e6 8. Nf3 exd5 9. e3 O-O 10. Be2 c6 11. O-O Qd6 12. a3 Bf5 {D91: Grünfeld: 4 Nf3 Bg7 5 Bg5} 13. Bd3 $146 ({Predecessor:} 13. Rc1 Nd7 14. Na4 Rfe8 15. Qb3 Rab8 16. Rfd1 Qf6 17. Qc3 h5 18. b4 a6 19. Nc5 Nxc5 20. bxc5 {0-1 (31) Donchenko,O (2400)-Dorfman,J (2540) Simferopol 1983}) 13... Bxd3 14. Qxd3 Nd7 {The position is equal.} 15. Rac1 Nb6 16. Qc2 Rfe8 17. Na4 Nd7 (17... Qc7 {is more complex.} 18. Nc5 Nc4 19. Rfe1 a6 20. Nd3 h5) 18. Nc5 Nxc5 19. Qxc5 Qe6 20. Qc2 Bf8 21. Ne1 Bd6 22. Nd3 Re7 23. Nc5 Qf6 24. Qd1 h5 25. Qf3 Qxf3 26. gxf3 a5 27. a4 Kg7 28. Kg2 g5 29. Rc3 f5 30. h4 g4 31. f4 Bxc5 32. Rxc5 $15 {[%mdl 4096] Endgame KRR-KRR} Kf6 33. Rb1 Ke6 34. b4 axb4 35. Rxb4 Kd6 36. Rc2 Ra7 37. Rcb2 Kc7 38. Kg3 Re8 39. Rb6 Rb8 40. R6b4 Ra5 41. f3 b5 (41... b6 {is interesting.} 42. fxg4 hxg4 43. h5 Raa8 44. h6 Re8) 42. axb5 $2 {[%mdl 8192] [#]} (42. fxg4 $11 hxg4 43. axb5) 42... Raxb5 $19 43. Rxb5 cxb5 44. fxg4 fxg4 $11 {KR-KR} 45. f5 b4 46. Kf4 b3 47. f6 (47. Ke5 $142 g3 48. Kxd5) 47... Kd6 $19 48. Kf5 g3 49. f7 Ke7 50. Kg6 {[#]} g2 $1 {[%mdl 512]} 51. Rb1 (51. Rxg2 b2) 51... Kf8 52. Kxh5 Kxf7 {Accuracy: White = 42%, Black = 68%.} 0-1

[Event "Chinese Chess League Men 2019"]
[Site "Daqing"]
[Date "2019.06.24"]
[Round "6.5"]
[White "Xu, Xiangyu"]
[Black "Bu, Xiangzhi"]
[Result "1/2-1/2"]
[WhiteElo "2583"]
[BlackElo "2729"]
[Annotator "TA"]
[PlyCount "60"]
[EventDate "2019.06.19"]
[EventType "team-tourn"]
[EventCountry "CHN"]
[SourceTitle "playchess.com"]
[Source "ChessBase"]
[SourceQuality "1"]

{[%evp 25,60,19,24,22,20,4,18,0,2,2,18,15,3,18,6,0,2,0,0,0,0,0,0,0,0,0,0,0,0,0,0,0,0,0,0,0,0]} 1. e4 e5 2. Nf3 Nf6 3. Nxe5 d6 4. Nf3 Nxe4 5. d4 d5 6. Bd3 Nc6 7. O-O Be7 8. c4 Nb4 9. Be2 O-O 10. Nc3 Bf5 11. a3 Nxc3 12. bxc3 Nc6 13. Re1 Re8 14. Bf4 {C42: Petroff Defence: 3 Nxe5 and unusual White 3rd moves} dxc4 {The position is equal.} 15. Bxc4 Bd6 16. Rxe8+ (16. Be3 {looks sharper.} Qf6 17. Bb5 a6 18. Bd3 h6 19. Qb1) 16... Qxe8 17. Bxd6 cxd6 18. Ng5 Bg6 19. h4 {[#] Threatens to win with h5.} Qe7 20. Qg4 {Hoping for h5.} h6 21. h5 Bxh5 $1 22. Qxh5 hxg5 {[#]} 23. Rd1 $146 {And now Rd3 would win.} Rf8 24. Rd3 Qe1+ 25. Kh2 {Intending Rh3 and mate.} Qxf2 {White must now prevent ...Qf4+.} ({Wrong is} 25... g4 $2 26. Qxg4 d5 27. Rg3 $18) 26. Rh3 {[%csl Gh3][%cal Rh5h8]} Qf4+ 27. Kg1 {[%csl Gh3][%cal Rh5h8]} Qc1+ {[%mdl 64] [#] Double Attack} 28. Kh2 {[%csl Gh3][%cal Rh5h8]} Qf4+ 29. Kg1 {[%csl Gh3][%cal Rh5h8]} Qc1+ {[%mdl 64] Double Attack} 30. Kh2 {[%csl Gh3][%cal Rh5h8]} Qf4+ 1/2-1/2

[Event "Chinese Chess League Men 2019"]
[Site "Daqing"]
[Date "2019.06.24"]
[Round "6.6"]
[White "Zhao, Jun"]
[Black "Li, Di"]
[Result "1-0"]
[WhiteElo "2625"]
[BlackElo "2535"]
[Annotator "TA"]
[PlyCount "83"]
[EventDate "2019.06.19"]
[EventType "team-tourn"]
[EventCountry "CHN"]
[SourceTitle "playchess.com"]
[Source "ChessBase"]
[SourceQuality "1"]

{[%evp 25,83,27,29,20,22,-4,31,10,9,8,17,17,0,0,16,14,35,35,47,0,54,54,70,71,71,68,122,99,97,90,137,138,202,191,245,220,264,191,269,256,266,230,225,235,269,259,260,243,240,238,243,238,275,276,330,253,332,349,479,468]} 1. c4 e6 2. Nc3 d5 3. d4 Nf6 4. Bg5 Nbd7 5. cxd5 exd5 6. e3 c6 7. Bd3 Be7 8. Qc2 O-O 9. Nf3 Re8 10. Bf4 Nf8 11. h3 Bd6 12. Bxd6 Qxd6 13. O-O-O b5 14. Kb1 {D36: Queen's Gambit Declined: Exchange Variation: Main line (5 Bg5 c6 6 Qc2)} Be6 (14... a5 15. Rc1 Ba6 16. Ne2 b4 17. Nf4 Rec8 18. Ne5 g6 19. Qc5 Qxc5 20. Rxc5 g5 21. Bxa6 Rxa6 {1-0 (71) Rodshtein,M (2654)-Adly,A (2589) Tsaghkadzor 2015}) 15. Ne5 N6d7 (15... a6 {seems wilder.} 16. f4 c5 17. dxc5 Qxc5 18. Rhe1 Rac8) 16. Nxd7 {White is slightly better.} Bxd7 $146 ({Predecessor:} 16... Qxd7 17. g4 Rac8 18. Rhg1 a6 19. f4 c5 20. f5 cxd4 21. fxe6 fxe6 22. exd4 {1-0 (37) Jovanovic,S (2242)-Srdic,D (2174) Belgrade 2015}) 17. Ne2 a5 18. Rc1 Qf6 19. Nf4 b4 20. g4 Reb8 21. Qe2 a4 22. Rc5 Be8 (22... Re8 $11) 23. h4 $14 Nd7 24. g5 Qd6 {[#]} 25. Rcc1 $1 c5 (25... Nf8 $14) 26. dxc5 Nxc5 {[#]} 27. Rhd1 $1 $36 {[%mdl 2048] White is on the roll.} Ra5 28. Bc4 a3 (28... Qe7 $16 {was worth a try.} 29. Nxd5 (29. Bxd5 Qe5 $16) 29... Qe4+ 30. Bd3 Qe6) 29. b3 $18 ({Inferior is} 29. Bxd5 b3 $15) (29. Rxd5 $6 Qe7 $16) (29. Nxd5 $6 Qe5 $16) 29... Qe7 (29... Qf8 $142) 30. Nxd5 ({Much less strong is} 30. Bxd5 $6 Qe5 $16) 30... Qe4+ 31. Qc2 Kf8 (31... Qxc2+ {was called for.} 32. Kxc2 Kf8) 32. Qxe4 Nxe4 33. f3 Nd6 34. e4 h6 35. gxh6 gxh6 36. Nxb4 Nxc4 37. Rxc4 Rh5 38. Rh1 Bb5 39. Rc3 f5 40. Nc2 Ra8 41. Rc5 Bd3 42. Kc1 {Accuracy: White = 82%, Black = 27%.} 1-0

[Event "Chinese Chess League Men 2019"]
[Site "Daqing"]
[Date "2019.06.24"]
[Round "6.7"]
[White "Liu, Guanchu"]
[Black "Liu, Qingnan"]
[Result "1/2-1/2"]
[WhiteElo "2462"]
[BlackElo "2551"]
[Annotator "TA"]
[PlyCount "60"]
[EventDate "2019.06.19"]
[EventType "team-tourn"]
[EventCountry "CHN"]
[SourceTitle "playchess.com"]
[Source "ChessBase"]
[SourceQuality "1"]

{[%evp 18,60,13,7,9,0,0,0,0,0,0,0,0,0,22,25,13,13,40,35,35,13,11,5,5,5,6,6,9,9,8,0,0,0,0,0,0,0,0,0,0,0,0,0,0]} 1. e4 e5 2. Nf3 Nc6 3. Nc3 Nf6 4. d4 exd4 5. Nxd4 Bb4 6. Nxc6 bxc6 7. Bd3 O-O 8. O-O Re8 9. Bg5 h6 10. Bh4 Qe7 {C47: Scotch Four Knights and Four Knights with 4 g3} (10... g5 11. Bg3 Bxc3 12. bxc3 Nxe4 13. Qh5 d6 14. Rae1 Bf5 15. Qxh6 Re6 16. Qh5 Qf6 17. Bxe4 Bxe4 18. h4 gxh4 19. Qg4+ Qg7 20. Qxh4 {0-1 (56) Tari,A (2620)-Aronian,L (2765) St Petersburg 2018}) 11. Qd2 Bxc3 12. bxc3 Nxe4 13. Bxe7 Nxd2 14. Rfe1 {[#] Black must now prevent Bb4.} d5 15. Bd6 {[%cal Re1e8]} Ba6 $146 (15... Re6 {looks sharper.} 16. Bxc7 Ne4 17. Bxe4 Rxe4 18. Rxe4 dxe4 19. a4 g5) ({Predecessor:} 15... Ne4 16. Bxc7 Re6 17. Ba5 Nc5 18. a3 Nxd3 19. cxd3 c5 {½-½ (19) Sherwood,R (1753)-Stepanov,V (1688) LSS email 2010}) 16. Bf4 Nc4 17. a4 c5 18. Bxc7 Bb7 19. Bxc4 (19. a5 {is interesting.} a6 20. Rxe8+ Rxe8 21. f3 Rc8 22. Bg3) 19... dxc4 {The position is equal.} 20. f3 Rxe1+ 21. Rxe1 $11 {[%mdl 4096] Endgame KRB-KRB} a5 22. Re5 Bc6 23. Rxc5 Bxa4 24. Rxa5 (24. h4 {keeps more tension.} Bxc2 25. Bxa5 Bd3 26. Kf2 Re8 27. g4) 24... Rxa5 25. Bxa5 Bxc2 {KB-KB} 26. Kf2 Kf8 27. Ke3 Ke8 28. Kd4 Bd3 29. Bb4 Be2 30. f4 Bd3 {Accuracy: White = 64%, Black = 89%.} 1/2-1/2

[Event "Chinese Chess League Men 2019"]
[Site "Daqing"]
[Date "2019.06.24"]
[Round "6.8"]
[White "Huang, Renjie"]
[Black "Zhao, Yuanhe"]
[Result "1/2-1/2"]
[WhiteElo "2327"]
[BlackElo "2444"]
[Annotator "NA RC"]
[PlyCount "59"]
[EventDate "2019.06.19"]
[EventType "team-tourn"]
[EventCountry "CHN"]
[SourceTitle "playchess.com"]
[Source "ChessBase"]
[SourceQuality "1"]
[TimeControl "5400+30"]

1. e4 {[%emt 0:00:00]} e5 {[%emt 0:00:00]} 2. Nf3 {[%emt 0:00:00]} Nf6 {[%emt 0:00:00]} 3. Nxe5 {[%emt 0:00:00]} d6 {[%emt 0:00:00]} 4. Nf3 {[%emt 0:00:00]} Nxe4 {[%emt 0:00:00]} 5. d3 {[%emt 0:00:04]} Nf6 {[%emt 0:00:00]} 6. d4 {[%emt 0:00:09]} d5 7. Bd3 {[%emt 0:00:01]} Bd6 {[%emt 0:00:00]} 8. Qe2+ {[%emt 0:00:07]} Be6 {[%emt 0:00:00]} 9. c4 {[%emt 0:00:35]} O-O {[%emt 0:00:03]} 10. c5 {[%emt 0:00:45]} Be7 {[%emt 0:00:05]} 11. O-O {[%emt 0:03:00]} b6 {[%emt 0:00:05]} 12. Ng5 {[%emt 0:08:06]} Bg4 {[%emt 0:01:38]} 13. Qc2 {[%emt 0:03:58]} h6 {[%emt 0:16:31]} 14. Nh7 {[%emt 0:00:11]} Nxh7 {[%emt 0:00:13]} 15. Bxh7+ {[%emt 0:00:36]} Kh8 {[%emt 0:00:04]} 16. cxb6 {[%emt 0:00:41]} axb6 {[%emt 0:00:57]} 17. Bf5 {[%emt 0:00:46]} Bxf5 {[%emt 0:02:40]} 18. Qxf5 $15 {[%emt 0:00:08]} Nc6 {[%emt 0:00:24]} 19. Be3 {[%emt 0:00:57]} Bf6 {[%emt 0:14:05]} 20. Rd1 {[%emt 0:01:10]} Na5 {[%emt 0:03:48]} 21. Nc3 {[%emt 0:02:05]} Nc4 {[%emt 0:02:08]} 22. Qxd5 {[%emt 0:04:27]} Nxb2 {[%emt 0:07:49]} 23. Rd2 {[%emt 0:00:10]} Na4 {[%emt 0:08:03]} 24. Qxd8 {[%emt 0:00:08]} Rfxd8 {[%emt 0:00:54]} 25. Nxa4 {[%emt 0:01:28]} Rxa4 {[%emt 0:00:02]} 26. Rc1 {[%emt 0:00:19]} Rd7 {[%emt 0:01:12]} 27. g3 {[%emt 0:00:29]} Be7 {[%emt 0:03:06]} 28. Bf4 {[%emt 0:01:55]} Bg5 {[%emt 0:04:50]} 29. Bxg5 {[%emt 0:00:41]} hxg5 {[%emt 0:00:01]} 30. Rc6 {[%emt 0:00:36]} 1/2-1/2

[Event "Chinese Chess League Men 2019"]
[Site "Daqing"]
[Date "2019.06.24"]
[Round "6.9"]
[White "Yu, Yangyi"]
[Black "Xu, Yinglun"]
[Result "1/2-1/2"]
[WhiteElo "2738"]
[BlackElo "2548"]
[Annotator "TA"]
[PlyCount "66"]
[EventDate "2019.06.19"]
[EventType "team-tourn"]
[EventCountry "CHN"]
[SourceTitle "playchess.com"]
[Source "ChessBase"]
[SourceQuality "1"]

{[%evp 11,66,0,21,19,27,0,0,0,0,0,0,0,0,0,0,0,0,0,0,0,0,0,18,14,28,4,54,0,46,49,41,44,26,25,71,51,40,35,52,0,0,0,0,0,0,0,0,0,0,0,0,0,0,0,0,0,0]} 1. e4 e6 2. d4 d5 3. e5 c5 4. c3 Nc6 5. Nf3 Qb6 6. a3 Nh6 7. b4 {C02: French: Advance Variation} cxd4 8. b5 Na5 {Threatens to win with ...dxc3.} 9. Bxh6 gxh6 10. cxd4 Bd7 11. Nbd2 Rg8 12. g3 Rg4 13. Bh3 Rxd4 14. Nxd4 Qxd4 15. O-O Bxb5 16. Qh5 $1 {Bxe6 is the strong threat.} Bd7 ({Wrong is} 16... Bxf1 $2 {[#]} 17. Bxe6 $1 {[%mdl 512]} Kd8 18. Qxf7 $1 $18 {[%mdl 512]}) 17. Nf3 $36 {[%mdl 2048] White fights for an advantage.} Qc5 18. Rfd1 Nc6 19. Rab1 (19. Bf1 $14) 19... Rb8 20. Rdc1 {[%mdl 1024] White has compensation.} Qe7 $1 21. a4 Bg7 22. Bf1 a6 23. Bd3 Kf8 24. Bxh7 Qa3 25. Kg2 (25. Ra1 $14 Qb4 26. Rcb1) 25... Qxa4 $11 {The position is equal.} 26. Rb6 Be8 27. Rcb1 Qc4 28. R1b2 a5 29. Rc2 $1 {[%cal Rc2c4]} Qa4 {White must now prevent ...f5.} 30. Rc5 Qa3 31. Rcb5 $1 Qa4 32. Rc5 Qa3 33. Rcb5 Qa4 {Accuracy: White = 78%, Black = 67%.} 1/2-1/2